00636nam a2200169 a 450000100100000000500170001000800410002702000150006804000250008308200180010824501250012626000660025130000360031750000400035365000460039370000270043900001806320200929165334.0100413s2001 dr 001 0 spa d a9993433209 aDO-SdBNPbspacBNPHU a324.63bM533p10aMemoria del pacto de ética electoral :buna propuesta desde la sociedad civil /cpresentación Juan Bolívar Díaz. aSanto Domingo :bParticipación Ciudadana,c2001.fMediabyte a103 p. :bil., retrs. ;c22 cm. aElecciones presidenciales mayo 2000 4aEleccionesxEticazRepública Dominicana1 aDíaz, Juan Bolívar